KISS band members - Statistics

General Stats
  • This quiz has been taken 759 times
  • The average score is 8 of 10
Answer Stats
Hint Answer % Correct
Gene Simmons
98%
Paul Stanley
98%
Ace Frehley
90%
Peter Criss
89%
Eric Carr
85%
Eric Singer
77%
Tommy Thayer
74%
Vinnie Vincent
73%
Bruce Kulick
68%
Mark St. John
60%
No matching quizzes found
Score Distribution
Percent of People with Each Score
Percentile by Number Answered
Your Score History
You have not taken this quiz